01420nam a2200157 a 4500008004100000020001800041041000800059100002000067245003000087250001100117260004800128300002200176500008000198505096900278655001501247180524e2024 ag ||||g |||| 00| f spa d a9789878750361 aspa1 aFormica, Sergio 3aEl pozo /cSergio Formica a1a ed. aBuenos Aires:bAutores de Argentina;c2024. a130 p.c21x15 cm. aFormica, C. (2024). El pozo. (1a ed.). Buenos Aires : Autores de Argentina. aRivaldo Villalba es un ingeniero agrónomo recién recibido. Junto a su madre y hermano viven en Pirayú, una pintoresca ciudad de Paraguay. Junto a su novia, Noemí, tienen planificado formar una familia y desarrollar su vida lejos de la gran ciudad. Rivaldo heredó de su adre un gran secreto, algo que descubrió cuando era niño y que luego, una vez recibido, pudo desarrollar y explotar. Pero llevar adelante ese gran hallazgo, hizo que debiera compartir y difundir lo descubierto. Rivaldo toma todos los recaudos necesarios, para evitar que el gran beneficio no ponga en riesgo la integridad del resto de los seres vivos. Rivaldo tiene que enfrentar a un enemigo implacable, la corrupción y el poder. Los valores que le inculcaron sus pares, lo hacen optar por la mejor decisión, aquella que le permita poner la cabeza sobre la almohada y saber que hizo lo correcto. El lector se enfrentará a una historia atrapante y a un desenlace inesperado.  aLiteratura